Edwin Shirley Productions Ltd v Workspace Management Ltd and others (Record no. 67488)
[ view plain ]
| 000 -LEADER | |
|---|---|
| fixed length control field | 01913cam a2200253 4500 |
| 001 - CONTROL NUMBER | |
| control field | ABS64165 |
| 008 - FIXED-LENGTH DATA ELEMENTS--GENERAL INFORMATION | |
| fixed length control field | 000000n2001 000 0 eng u |
| 035 ## - SYSTEM CONTROL NUMBER | |
| System control number | (Sirsi) u113300 |
| 245 ## - TITLE STATEMENT | |
| Title | Edwin Shirley Productions Ltd v Workspace Management Ltd and others |
| 260 ## - PUBLICATION, DISTRIBUTION, ETC. | |
| Date of publication, distribution, etc. | 2001 |
| 490 ## - SERIES STATEMENT | |
| Series statement | Estates Gazette |
| Volume/sequential designation | [2001] 23 EG 158-167(10) |
| 520 ## - SUMMARY, ETC. | |
| Summary, etc. | ChD 22 February 2001. The second defendant (T) entered into an agreement to grant leases to additional parts of a studio complex to the claimant (E), which granted E a licence to enter and remain in those premises on the same terms as if the leases had been granted. This included a right of re-entry and the payment of licence fees, which E never paid. When T re-entered the premises and demanded the leases should be entered into and all sums paid E applied for an interim mandatory injunction, seeking relief on the grounds of proprietary estoppel and consecutive trust. E contended that it had relied upon representations on behalf of T regarding a substantial rent holiday and expenditure on improvements, and that the T knew that it was unable to make the improvements and comply with the terms of the agreement. "Held": The application was dismissed as the lowest threshold for the grant of an injunction was not satisfied because there could be no doubt that the negotiations to revise the agreement which took place before T retook possession as subject to contract and there was no basis for any licence-free period after negotiations had ended. |
| 590 ## - LOCAL NOTE (RLIN) | |
| Local note | ABS |
| 650 ## - SUBJECT ADDED ENTRY--TOPICAL TERM | |
| Topical term or geographic name entry element | CONSTRUCTIVE TRUST |
| 650 ## - SUBJECT ADDED ENTRY--TOPICAL TERM | |
| Topical term or geographic name entry element | EDWIN SHIRLEY PRODUCTIONS LTD V WORKSPACE MANAGEMENT LTD |
| 650 ## - SUBJECT ADDED ENTRY--TOPICAL TERM | |
| Topical term or geographic name entry element | LICENCES TO OCCUPY |
| 650 ## - SUBJECT ADDED ENTRY--TOPICAL TERM | |
| Topical term or geographic name entry element | PROPRIETARY ESTOPPEL |
| 650 ## - SUBJECT ADDED ENTRY--TOPICAL TERM | |
| Topical term or geographic name entry element | RENT HOLIDAYS |
| 650 ## - SUBJECT ADDED ENTRY--TOPICAL TERM | |
| Topical term or geographic name entry element | REPOSSESSION |
| 650 ## - SUBJECT ADDED ENTRY--TOPICAL TERM | |
| Topical term or geographic name entry element | SUBJECT TO CONTRACT |
| 650 ## - SUBJECT ADDED ENTRY--TOPICAL TERM | |
| Topical term or geographic name entry element | TERMINATION OF LICENCE |
| 690 ## - LOCAL SUBJECT ADDED ENTRY--TOPICAL TERM (OCLC, RLIN) | |
| Topical term or geographic name as entry element | LANDLORD AND TENANT-BUSINESS TENANCIES-CASE LAW |
| 942 ## - ADDED ENTRY ELEMENTS (KOHA) | |
| Suppress in OPAC | 0 |
| Withdrawn status | Lost status | Source of classification or shelving scheme | Damaged status | Not for loan | Home library | Current library | Shelving location | Date acquired | Total Checkouts | Full call number | Barcode | Date last seen | Copy number | Price effective from | Koha item type |
|---|---|---|---|---|---|---|---|---|---|---|---|---|---|---|---|
| Dewey Decimal Classification | London | London | Journal article | 27/06/2001 | ABS64165 | 113300-1001 | 06/08/2019 | 1 | 06/08/2019 | Law report |